| 000 | 00964nam a2200265 a 4500 | ||
|---|---|---|---|
| 001 | 000047941 | ||
| 005 | 20201002060822.0 | ||
| 008 | 150602s2016 dr a 000 0 spa d | ||
| 020 | _a9789945595888 | ||
| 020 | _a9789945599817 | ||
| 082 |
_axx _bxx |
||
| 100 | 1 |
_aCastro, Víctoria _975484 |
|
| 245 | 1 | 0 |
_aInformática interactiva 6 : _bSexto grado, Segundo ciclo educación primaria / _cVíctoria Castro ; producción editorial María del Jesús de la Rosa ; ilustraciones Henry Cid. |
| 260 |
_aSanto Domingo : _bActualidad escolar 2000, _c2016. |
||
| 300 |
_av. : _bil. ; _c28 cm. |
||
| 490 | _aVeraz | ||
| 505 | 0 |
_av. 1 : _tlibro de texto _gv. 2 _tlibro del maestro. |
|
| 590 | _aInventariado, 2018/VM | ||
| 700 | 1 |
_aPérez, Danilda _ecoorr. _973778 |
|
| 700 | 1 |
_aJesús de la Rosa, María del _929833 |
|
| 700 | 1 |
_aCid, Henry _eil. _9346 |
|
| 710 | 2 |
_aActualidad escolar 2000,(República Dominicana) _975485 |
|
| 830 | 0 | 0 |
_aVeraz _974848 |
| 999 |
_c47429 _d47429 |
||
| 040 | _aDO-SdBNP | ||